Filmový dúšok Pohľadnica z Benátok

Bibliographic Details
Main Author: Ťapajová, Elena, 1944-2023 (Author)
Format: Article
Language:Slovak
Subjects:

MARC

LEADER 00000nab a2200000 a 4500
001 vtls000437451
003 SK-MaSNL
005 20260303201843.0
008 120926c1991 xo 0 slo
015 |a SNBRB19rr/mm-uuuuu 
035 |a CL0437579 
040 |a SNKBUCL  |b slo  |c SNKBUCL  |e AACR2 
041 0 |a slo 
044 |a xo  |c SK 
080 |a 791.43.091.4  |2 1981 
100 1 |a Ťapajová, Elena,  |d 1944-2023  |4 aut  |9 5234 
245 1 0 |a Filmový dúšok  |b Pohľadnica z Benátok  |c Elena Ťapajová 
650 0 7 |a Medzinárodný filmový festival 1991, Benátky  |2 snkbucl  |9 967706 
655 7 |a články z novín a časopisov  |2 snkbucl  |9 267496 
773 0 |t Nové slovo  |g Roč. 1, č. 40/1 (1991), s. 16 
850 |a Slovenská národná knižnica v Martine  |a MTA001 
852 |a SNK  |b KIS3GCP 
958 |a RK 
992 |a RBX 
999 |c 2176641  |d 2178571